[Event "Pula op 35th"]
[Site "Pula"]
[Date "2023.06.24"]
[Round "8"]
[White "Grgurevic, Boris"]
[Black "Bodiroga, Predrag"]
[Result "0-1"]
[WhiteElo "2121"]
[BlackElo "2303"]
[PlyCount "88"]
[EventDate "2023.06.17"]
[EventType "swiss"]
[EventRounds "9"]
[EventCountry "CRO"]
[SourceTitle "CBM 214 Extra"]
[Source "ChessBase"]
[SourceDate "2023.07.31"]
[SourceVersion "1"]
[SourceVersionDate "2023.07.31"]
[SourceQuality "1"]

1. e4 d5 2. exd5 Qxd5 3. Nc3 Qd6 4. d4 Nf6 5. Nf3 c6 6. Bg5 Bg4 7. Be2 Nbd7 8. Qd2 e6 9. 0-0-0 Be7 10. h3 Bxf3 11. Bxf3 Qb4 12. Ne2 Qa4 13. Kb1 0-0 14. Nc3 Qa6 15. Ne4 Qb6 16. Nxf6+ Nxf6 17. Qe3 Rfd8 18. Qb3 Qc7 19. Rhe1 a5 20. Qc4 a4 21. Bd2 a3 22. b3 Qb6 23. Bc3 Nd5 24. Ba1 Qa5 25. Qd3 Bf6 26. c4 Nb4 27. Qe2 b5 28. d5 Bxa1 29. Kxa1 cxd5 30. cxd5 Rac8 31. dxe6 Rxd1+ 32. Rxd1 Nc2+ 33. Kb1 Qc3 34. exf7+ Kf8 35. Rd8+ Rxd8 36. Qxc2 Qe1+ 37. Qc1 Qxc1+ 38. Kxc1 Kxf7 39. Kc2 b4 40. Be2 Kf6 41. Bd3 Rc8+ 42. Bc4 Ke5 43. Kd2 Rxc4 44. bxc4 b3 0-1

[Event "EU-ch 23rd"]
[Site "Vrnjacka Banja"]
[Date "2023.03.12"]
[Round "10"]
[White "Bodiroga, Predrag"]
[Black "Stankovic, Boris"]
[Result "1/2-1/2"]
[WhiteElo "2314"]
[BlackElo "2208"]
[PlyCount "60"]
[EventDate "2023.03.03"]
[EventType "swiss"]
[EventRounds "11"]
[EventCountry "SRB"]
[SourceTitle "CBM 213"]
[Source "ChessBase"]
[SourceDate "2023.04.30"]
[SourceVersion "1"]
[SourceVersionDate "2023.04.30"]
[SourceQuality "1"]

1. d4 Nf6 2. c4 g6 3. Nc3 Bg7 4. e4 d6 5. h3 0-0 6. Be3 e5 7. d5 a5 8. g4 Na6 9. Nge2 Nd7 10. Ng3 Ndc5 11. Qd2 c6 12. Be2 cxd5 13. cxd5 Bd7 14. h4 Rb8 15. h5 b5 16. Bh6 Qe7 17. Bxg7 Kxg7 18. Nd1 Nb4 19. Ne3 Kg8 20. Rg1 Rbc8 21. f3 Qg5 22. Kf2 Qf4 23. Rad1 Rc7 24. b3 Rfc8 25. Ng2 Qf6 26. Ne3 Qf4 27. Ng2 Qf6 28. Ne3 Nb7 29. Rc1 Nc5 30. Rcd1 Qf4 1/2-1/2

[Event "EU-ch 23rd"]
[Site "Vrnjacka Banja"]
[Date "2023.03.10"]
[Round "8"]
[White "Bodiroga, Predrag"]
[Black "Korelskiy, Egor"]
[Result "1-0"]
[WhiteElo "2314"]
[BlackElo "2127"]
[PlyCount "61"]
[EventDate "2023.03.03"]
[EventType "swiss"]
[EventRounds "11"]
[EventCountry "SRB"]
[SourceTitle "CBM 213"]
[Source "ChessBase"]
[SourceDate "2023.04.30"]
[SourceVersion "1"]
[SourceVersionDate "2023.04.30"]
[SourceQuality "1"]

1. d4 d5 2. c4 c6 3. Nf3 Nf6 4. e3 e6 5. Nc3 Nbd7 6. Qc2 Bd6 7. b3 Qe7 8. Be2 0-0 9. 0-0 b6 10. Bb2 Bb7 11. Rfe1 Rfe8 12. Bf1 Rad8 13. g3 c5 14. cxd5 exd5 15. Bg2 a6 16. Rad1 Qf8 17. dxc5 bxc5 18. Ng5 h6 19. Nh3 Nb6 20. Nf4 Be7 21. a4 g5 22. Nfe2 Na8 23. a5 Nc7 24. Na4 Ne6 25. Nb6 Nc7 26. b4 Nh7 27. bxc5 Bxc5 28. Nd4 Bxd4 29. Bxd4 Nb5 30. Ba1 Qb4 31. Rf1 1-0

[Event "EU-ch 23rd"]
[Site "Vrnjacka Banja"]
[Date "2023.03.09"]
[Round "7"]
[White "Gines Esteo, Pedro Antonio"]
[Black "Bodiroga, Predrag"]
[Result "1-0"]
[WhiteElo "2500"]
[BlackElo "2314"]
[PlyCount "83"]
[EventDate "2023.03.03"]
[EventType "swiss"]
[EventRounds "11"]
[EventCountry "SRB"]
[SourceTitle "CBM 213"]
[Source "ChessBase"]
[SourceDate "2023.04.30"]
[SourceVersion "1"]
[SourceVersionDate "2023.04.30"]
[SourceQuality "1"]

1. d4 d5 2. c4 c6 3. Nf3 Nf6 4. e3 g6 5. Be2 Bg7 6. 0-0 0-0 7. Nc3 Re8 8. b4 Bg4 9. Qb3 e6 10. Bb2 Nbd7 11. Rfd1 Ne4 12. b5 Nb6 13. cxd5 Nxc3 14. Bxc3 cxd5 15. Rac1 Bf8 16. Bb4 Bxb4 17. Qxb4 Qe7 18. Qxe7 Rxe7 19. Rc3 Kf8 20. Rdc1 Ke8 21. h4 Kd8 22. Kh2 Rc8 23. Rxc8+ Nxc8 24. Kg3 Bxf3 25. Kxf3 Nd6 26. Kf4 h6 27. Bd3 Rd7 28. g4 Ke7 29. f3 Nc4 30. Bxc4 Rc7 31. e4 dxc4 32. Ke3 e5 33. dxe5 Ke6 34. Rc3 g5 35. hxg5 hxg5 36. Kd4 Rd7+ 37. Kxc4 Rc7+ 38. Kd4 Rd7+ 39. Kc4 Rd2 40. Ra3 Kxe5 41. Rxa7 Rd7 42. Kc5 1-0

[Event "EU-ch 23rd"]
[Site "Vrnjacka Banja"]
[Date "2023.03.05"]
[Round "3"]
[White "Bodiroga, Predrag"]
[Black "Babazada, Khazar Araz"]
[Result "0-1"]
[WhiteElo "2314"]
[BlackElo "2481"]
[PlyCount "130"]
[EventDate "2023.03.03"]
[EventType "swiss"]
[EventRounds "11"]
[EventCountry "SRB"]
[SourceTitle "CBM 213"]
[Source "ChessBase"]
[SourceDate "2023.04.30"]
[SourceVersion "1"]
[SourceVersionDate "2023.04.30"]
[SourceQuality "1"]

1. d4 d5 2. c4 e6 3. Nf3 a6 4. cxd5 exd5 5. Nc3 c6 6. Bf4 Bd6 7. Bxd6 Qxd6 8. Qc2 Nf6 9. h3 0-0 10. e3 Nbd7 11. Bd3 b5 12. 0-0 Bb7 13. Rfe1 c5 14. dxc5 Nxc5 15. Nd4 g6 16. Rac1 Rac8 17. Qd1 Nfd7 18. Bb1 Ne5 19. b3 Ne4 20. Nce2 b4 21. Rxc8 Rxc8 22. f4 Nd7 23. Bxe4 dxe4 24. Qd2 a5 25. f5 Ne5 26. Rc1 Rd8 27. Rf1 g5 28. Qe1 Nd3 29. Qa1 Rc8 30. f6 Rc5 31. Rf5 Bc8 32. Rxc5 Qxc5 33. Qf1 h6 34. Kh1 Kh7 35. g4 Qd6 36. Qg2 Kg8 37. Ng3 Qxf6 38. Kg1 Qe5 39. Nh5 Bb7 40. Qf1 Kf8 41. Kg2 Ke8 42. Nf6+ Kd8 43. Ng8 Qg7 44. Nf6 Nf4+ 45. exf4 Qxf6 46. Nf5 Qb2+ 47. Kg1 Qd2 48. Qb5 Qc1+ 49. Kg2 Qc7 50. fxg5 e3+ 51. Kg1 Qc1+ 52. Qf1 Qd2 53. Ng3 hxg5 54. Qf6+ Kc7 55. Qxf7+ Kb6 56. Qf6+ Ka7 57. Ne2 Qxe2 58. Qd4+ Ka6 59. Qf6+ Kb5 60. Qxg5+ Kc6 61. Qf6+ Kc5 62. Qe7+ Kd4 63. Qxb7 Qf2+ 64. Kh1 Qf1+ 65. Kh2 e2 0-1

[Event "EU-ch 23rd"]
[Site "Vrnjacka Banja"]
[Date "2023.03.03"]
[Round "1"]
[White "Bodiroga, Predrag"]
[Black "Abasov, Nijat Azad"]
[Result "0-1"]
[WhiteElo "2314"]
[BlackElo "2625"]
[PlyCount "118"]
[EventDate "2023.03.03"]
[EventType "swiss"]
[EventRounds "11"]
[EventCountry "SRB"]
[SourceTitle "CBM 213"]
[Source "ChessBase"]
[SourceDate "2023.04.30"]
[SourceVersion "1"]
[SourceVersionDate "2023.04.30"]
[SourceQuality "1"]

1. d4 Nf6 2. Nf3 g6 3. c4 Bg7 4. Nc3 d5 5. cxd5 Nxd5 6. e4 Nxc3 7. bxc3 c5 8. Be3 Qa5 9. Qd2 0-0 10. Rc1 Bg4 11. Ng5 Na6 12. h3 Bd7 13. Be2 e6 14. d5 exd5 15. exd5 Rfe8 16. 0-0 Rad8 17. Rfe1 Bf5 18. Bf3 h5 19. Bf4 Nc7 20. g4 hxg4 21. hxg4 Bc8 22. Ne4 Nxd5 23. Bg5 f6 24. Nd6 Ne7 25. Bd5+ Kf8 26. Bxf6 Rxd6 27. Bxg7+ Kxg7 28. Qg5 Rf6 29. Re3 Qa4 30. Rce1 Nxd5 31. Rxe8 Qxg4+ 32. Qxg4 Bxg4 33. R1e5 Nxc3 34. Rxc5 Ne2+ 35. Kf1 Ng3+ 36. Ke1 Nf5 37. Rc7+ Rf7 38. Rxf7+ Kxf7 39. Ra8 a6 40. Kd2 Bf3 41. Kc3 g5 42. Rd8 Ke7 43. Rg8 g4 44. Rg6 Nd6 45. Kd4 Kd7 46. Rg7+ Kc8 47. Rg8+ Kd7 48. Rg7+ Ke6 49. Rg6+ Ke7 50. Ke5 Nf7+ 51. Kd4 Kd7 52. Rf6 Ng5 53. a4 Ne6+ 54. Kc4 Kd6 55. Rf5 Be4 56. Rh5 Nf4 57. Rh4 Nd3 58. f4 gxf3 59. Rxe4 f2 0-1

[Event "Lienz op 21st"]
[Site "Lienz"]
[Date "2023.02.14"]
[Round "5"]
[White "Bodiroga, Predrag"]
[Black "Siebenhuener, Michael"]
[Result "1-0"]
[WhiteElo "2307"]
[BlackElo "2035"]
[PlyCount "33"]
[EventDate "2023.02.11"]
[EventType "swiss"]
[EventRounds "9"]
[EventCountry "AUT"]
[SourceTitle "CBM 212 Extra"]
[Source "ChessBase"]
[SourceDate "2023.03.31"]
[SourceVersion "1"]
[SourceVersionDate "2023.03.31"]
[SourceQuality "1"]

1. d4 e6 2. Nf3 d5 3. c4 Nf6 4. Nc3 c6 5. e3 Bd6 6. Qc2 Nbd7 7. g4 h6 8. Rg1 g6 9. Bd2 Qe7 10. 0-0-0 dxc4 11. Bxc4 e5 12. g5 Nh7 13. Ne4 exd4 14. Nxd6+ Qxd6 15. Bc3 c5 16. Nxd4 cxd4 17. Rxd4 1-0

[Event "SRB-chT Premier"]
[Site "Vrnjacka Banja"]
[Date "2021.09.14"]
[Round "9.5"]
[White "Bozic, Milan"]
[Black "Bodiroga, Predrag"]
[Result "0-1"]
[WhiteElo "2262"]
[BlackElo "2311"]
[PlyCount "72"]
[EventDate "2021.09.07"]
[EventType "team-tourn"]
[EventRounds "11"]
[EventCountry "SRB"]
[SourceTitle "CBM 204 Extra"]
[Source "ChessBase"]
[SourceDate "2021.11.30"]
[SourceVersion "1"]
[SourceVersionDate "2021.11.30"]
[SourceQuality "1"]
[WhiteTeam "Valjevo 2005"]
[BlackTeam "Elemir Naftagas"]
[WhiteTeamCountry "SRB"]
[BlackTeamCountry "SRB"]

1. e4 c6 2. d4 d5 3. e5 Bf5 4. Nd2 e6 5. Nb3 Nd7 6. Nf3 Bg6 7. Be3 Nh6 8. c3 Nf5 9. Bf4 h5 10. Be2 Be7 11. g3 a6 12. a4 Rc8 13. 0-0 c5 14. dxc5 Nxc5 15. Nxc5 Bxc5 16. Ne1 h4 17. a5 hxg3 18. hxg3 Kf8 19. Nd3 Ba7 20. Kg2 Nh4+ 21. gxh4 Be4+ 22. f3 Bxd3 23. Bg3 Bxe2 24. Qxe2 Rc4 25. Rh1 Rh5 26. Ra3 g6 27. Rb3 Qc7 28. Rb4 Rc6 29. Ra4 Bc5 30. f4 Qd7 31. Raa1 Rc8 32. Rad1 Qc6 33. Qf3 Qa4 34. Qd3 Kg7 35. Kf3 Qc6 36. Kg4 Be7 0-1

[Event "SRB-chT Premier"]
[Site "Vrnjacka Banja"]
[Date "2021.09.08"]
[Round "2.3"]
[White "Popovic, Milan S"]
[Black "Bodiroga, Predrag"]
[Result "1-0"]
[WhiteElo "2338"]
[BlackElo "2311"]
[PlyCount "39"]
[EventDate "2021.09.07"]
[EventType "team-tourn"]
[EventRounds "11"]
[EventCountry "SRB"]
[SourceTitle "CBM 204 Extra"]
[Source "ChessBase"]
[SourceDate "2021.11.30"]
[SourceVersion "1"]
[SourceVersionDate "2021.11.30"]
[SourceQuality "1"]
[WhiteTeam "Novi Sad SK"]
[BlackTeam "Elemir Naftagas"]
[WhiteTeamCountry "SRB"]
[BlackTeamCountry "SRB"]

1. e4 d5 2. exd5 Qxd5 3. Nc3 Qa5 4. d4 Nf6 5. Bd2 c6 6. Bc4 Nbd7 7. Qe2 e6 8. d5 cxd5 9. Nxd5 Qd8 10. Nxf6+ Qxf6 11. Nf3 Bc5 12. 0-0-0 0-0 13. Bg5 Qg6 14. h4 Qh5 15. g4 Qxg4 16. h5 Ne5 17. Qxe5 Qxc4 18. Rh4 Qb5 19. Bf6 g6 20. Qg5 1-0

[Event "SRB-chT Premier"]
[Site "Vrnjacka Banja"]
[Date "2021.09.07"]
[Round "1.4"]
[White "Bodiroga, Predrag"]
[Black "Milanovic, Danilo"]
[Result "0-1"]
[WhiteElo "2311"]
[BlackElo "2408"]
[PlyCount "73"]
[EventDate "2021.09.07"]
[EventType "team-tourn"]
[EventRounds "11"]
[EventCountry "SRB"]
[SourceTitle "CBM 204 Extra"]
[Source "ChessBase"]
[SourceDate "2021.11.30"]
[SourceVersion "1"]
[SourceVersionDate "2021.11.30"]
[SourceQuality "1"]
[WhiteTeam "Elemir Naftagas"]
[BlackTeam "Vladimirci"]
[WhiteTeamCountry "SRB"]
[BlackTeamCountry "SRB"]

1. d4 Nf6 2. c4 c5 3. d5 b5 4. cxb5 a6 5. bxa6 g6 6. Nc3 Bg7 7. e4 0-0 8. Nf3 Qa5 9. Bd2 Bxa6 10. h3 d6 11. Rc1 Bxf1 12. Kxf1 Na6 13. Kg1 Nb4 14. a3 Nd3 15. Rc2 Nd7 16. Bc1 Qa6 17. Kh2 N7e5 18. Ne1 f5 19. f4 fxe4 20. Nxd3 exd3 21. Rf2 d2 22. Qxd2 Nd3 23. Rf3 Nxf4 24. Rhf1 Be5 25. Kh1 Qc4 26. Qd1 Nh5 27. Rxf8+ Rxf8 28. Rxf8+ Kxf8 29. Qf3+ Kg7 30. g4 Nf6 31. Bd2 Qb3 32. g5 Nd7 33. Qg4 Nb6 34. Bf4 Bxc3 35. bxc3 Qxd5+ 36. Kh2 Qe4 37. Bg3 0-1

[Event "Belgrade Serbia op"]
[Site "Belgrade"]
[Date "2021.07.06"]
[Round "6"]
[White "Schreiner, Peter"]
[Black "Bodiroga, Predrag"]
[Result "1/2-1/2"]
[WhiteElo "2441"]
[BlackElo "2316"]
[PlyCount "57"]
[EventDate "2021.07.02"]
[EventType "swiss"]
[EventRounds "9"]
[EventCountry "SRB"]
[SourceTitle "CBM 203 Extra"]
[Source "ChessBase"]
[SourceDate "2021.09.30"]
[SourceVersion "1"]
[SourceVersionDate "2021.09.30"]
[SourceQuality "1"]

1. d4 Nf6 2. c4 e6 3. Nf3 Bb4+ 4. Bd2 Bxd2+ 5. Nbxd2 d5 6. g3 0-0 7. Bg2 Nc6 8. 0-0 Qe7 9. Qc2 Rd8 10. Rfd1 Bd7 11. a3 Be8 12. Rac1 Rac8 13. e3 h6 14. cxd5 exd5 15. Qc5 Qe6 16. b4 a6 17. Ne1 b6 18. Qc3 Ne4 19. Nxe4 dxe4 20. Qc4 Qxc4 21. Rxc4 Ne5 22. Rc3 c5 23. Bxe4 cxd4 24. Rxc8 Rxc8 25. exd4 Rd8 26. Nf3 Ba4 27. Rd2 Nc4 28. Ra2 Bd1 29. Kg2 1/2-1/2

[Event "Belgrade Serbia op"]
[Site "Belgrade"]
[Date "2021.07.05"]
[Round "5"]
[White "Bodiroga, Predrag"]
[Black "Jordanov, Mihail"]
[Result "1/2-1/2"]
[WhiteElo "2316"]
[BlackElo "2082"]
[PlyCount "103"]
[EventDate "2021.07.02"]
[EventType "swiss"]
[EventRounds "9"]
[EventCountry "SRB"]
[SourceTitle "CBM 203 Extra"]
[Source "ChessBase"]
[SourceDate "2021.09.30"]
[SourceVersion "1"]
[SourceVersionDate "2021.09.30"]
[SourceQuality "1"]

1. d4 Nf6 2. c4 e6 3. Nc3 Bb4 4. Nf3 b6 5. Qc2 Bb7 6. a3 Bxc3+ 7. Qxc3 d6 8. Bg5 Nbd7 9. e3 Qe7 10. Nd2 h6 11. Bh4 e5 12. f3 exd4 13. Qxd4 0-0 14. e4 Qe6 15. 0-0-0 a5 16. g4 Qe5 17. Qxe5 dxe5 18. Be2 Nh7 19. c5 Nxc5 20. Be7 Rfe8 21. Bxc5 bxc5 22. Nb3 Ba6 23. Bxa6 Rxa6 24. Rd5 Ng5 25. Rxc5 Nxf3 26. Rxc7 Raa8 27. Kb1 Nd4 28. Nd2 Ne6 29. Rb7 Red8 30. Nc4 f6 31. Nb6 Rab8 32. Rxb8 Rxb8 33. Nd5 Nc5 34. Nc3 Rd8 35. b4 axb4 36. axb4 Rb8 37. b5 h5 38. gxh5 Nxe4 39. Nxe4 Rxb5+ 40. Kc2 Rb4 41. Kd3 Rd4+ 42. Ke3 f5 43. Ng5 Rh4 44. h3 Rxh5 45. Nf3 e4 46. Ne5 g5 47. Kd4 Kg7 48. Rf1 Kf6 49. Nd7+ Kg6 50. Ne5+ Kf6 51. Nd7+ Kg6 52. Ne5+ 1/2-1/2

[Event "Belgrade Serbia op"]
[Site "Belgrade"]
[Date "2021.07.03"]
[Round "3"]
[White "Bodiroga, Predrag"]
[Black "Karaoglan, Kivanc"]
[Result "1-0"]
[WhiteElo "2316"]
[BlackElo "2192"]
[PlyCount "57"]
[EventDate "2021.07.02"]
[EventType "swiss"]
[EventRounds "9"]
[EventCountry "SRB"]
[SourceTitle "CBM 203 Extra"]
[Source "ChessBase"]
[SourceDate "2021.09.30"]
[SourceVersion "1"]
[SourceVersionDate "2021.09.30"]
[SourceQuality "1"]

1. d4 Nf6 2. c4 e6 3. Nc3 Bb4 4. Nf3 b6 5. Qc2 Bb7 6. a3 Bxc3+ 7. Qxc3 0-0 8. e3 d6 9. b3 Nbd7 10. Bb2 Qe7 11. Be2 Ne4 12. Qc2 f5 13. 0-0 g5 14. d5 e5 15. Ne1 Bc8 16. f3 Nec5 17. b4 Nb7 18. f4 Nd8 19. Nf3 g4 20. Nd2 Nf6 21. fxe5 dxe5 22. Rxf5 Bxf5 23. Qxf5 Nf7 24. Bxg4 Rae8 25. Bh3 Nd6 26. Qg5+ Kh8 27. Be6 Nxd5 28. Qxe7 Rxe7 29. cxd5 1-0

[Event "SRB-chT Premier"]
[Site "Ruma"]
[Date "2020.09.28"]
[Round "5.5"]
[White "Bodiroga, Predrag"]
[Black "Ilincic, Zlatko"]
[Result "0-1"]
[WhiteElo "2320"]
[BlackElo "2408"]
[PlyCount "48"]
[EventDate "2020.09.25"]
[EventType "team-tourn"]
[EventRounds "11"]
[EventCountry "SRB"]
[SourceTitle "CBM 198 Extra"]
[Source "ChessBase"]
[SourceDate "2020.11.30"]
[SourceVersion "1"]
[SourceVersionDate "2020.11.30"]
[SourceQuality "1"]
[WhiteTeam "Elemir Naftagas"]
[BlackTeam "Belgrade Itaka"]
[WhiteTeamCountry "SRB"]
[BlackTeamCountry "SRB"]

1. d4 Nf6 2. c4 e6 3. Nc3 Bb4 4. e3 0-0 5. Bd2 d5 6. Nf3 b6 7. Bd3 dxc4 8. Bxc4 Bb7 9. 0-0 Nbd7 10. Qe2 a6 11. Rfd1 Qe7 12. Be1 b5 13. Bb3 e5 14. dxe5 Nxe5 15. Nd5 Nxf3+ 16. Qxf3 Bxd5 17. Bxd5 Rad8 18. Bb7 Bxe1 19. Rxe1 Rd7 20. Re2 Rd6 21. e4 Re6 22. Rae1 c6 23. e5 Nd7 24. Qc3 Nb8 0-1

[Event "Vojvodina-chT 2nd League"]
[Site "Novi Sad"]
[Date "2018.11.13"]
[Round "7.1"]
[White "Bodiroga, Predrag"]
[Black "Kecskemeti, Arpad"]
[Result "1-0"]
[WhiteElo "2331"]
[BlackElo "2195"]
[PlyCount "79"]
[EventDate "2018.11.09"]
[EventType "team-tourn"]
[EventRounds "11"]
[EventCountry "SRB"]
[SourceTitle "CBM 187 Extra"]
[Source "ChessBase"]
[SourceDate "2018.11.04"]
[SourceVersion "1"]
[SourceVersionDate "2018.11.04"]
[SourceQuality "1"]
[WhiteTeam "Elemir Naftagas"]
[BlackTeam "Backa Pacir"]
[WhiteTeamCountry "SRB"]
[BlackTeamCountry "SRB"]

1. d4 Nf6 2. Nf3 g6 3. c4 Bg7 4. Nc3 d6 5. e4 0-0 6. h3 e5 7. dxe5 dxe5 8. Be3 c6 9. Be2 Qe7 10. 0-0 Nbd7 11. Qc2 Nh5 12. Rfe1 Nc5 13. Rad1 Ne6 14. c5 Nhf4 15. Bf1 g5 16. g3 Ng6 17. b4 h5 18. Nd5 cxd5 19. exd5 Nef4 20. gxf4 gxf4 21. d6 Qf6 22. d7 Bxd7 23. Rxd7 fxe3 24. Rxe3 Bh6 25. Rb3 Rfd8 26. Rxd8+ Rxd8 27. Rd3 Re8 28. Rd6 Qg7 29. Kh1 e4 30. Nd4 Bf4 31. Rd5 Qf6 32. Nf5 Qc6 33. Qd1 Qf6 34. Qxh5 Bc7 35. Nh6+ Kg7 36. Rf5 Re5 37. Rxf6 Rxh5 38. Rxf7+ Kxh6 39. Rxc7 Rd5 40. Bg2 1-0

[Event "Portoroz op 12th"]
[Site "Portoroz"]
[Date "2018.07.18"]
[Round "6"]
[White "Fercec, Nenad"]
[Black "Bodiroga, Predrag"]
[Result "1-0"]
[WhiteElo "2436"]
[BlackElo "2349"]
[PlyCount "54"]
[EventDate "2018.07.14"]
[EventType "swiss"]
[EventRounds "9"]
[EventCountry "SVK"]
[SourceTitle "EXT 2019"]
[Source "ChessBase"]
[SourceDate "2018.10.10"]
[SourceVersion "1"]
[SourceVersionDate "2018.10.10"]
[SourceQuality "1"]

1. e4 d5 2. exd5 Qxd5 3. Nc3 Qd8 4. d4 g6 5. Bf4 Bg7 6. Qd2 Nf6 7. 0-0-0 a6 8. Bh6 0-0 9. h4 Bxh6 10. Qxh6 Qd6 11. h5 Nxh5 12. Nge2 f5 13. g4 Nf6 14. g5 Nh5 15. Ng3 b5 16. Nxh5 gxh5 17. g6 hxg6 18. Rg1 Rf6 19. Be2 Nd7 20. Bxh5 Nf8 21. Ne2 a5 22. Nf4 Ra6 23. Rxg6+ Rxg6 24. Nxg6 Nxg6 25. Rg1 Qh2 26. Rxg6+ Rxg6 27. Qxg6+ Kf8 1-0

[Event "Portoroz op 12th"]
[Site "Portoroz"]
[Date "2018.07.15"]
[Round "2"]
[White "Caron, Damien"]
[Black "Bodiroga, Predrag"]
[Result "1/2-1/2"]
[WhiteElo "2093"]
[BlackElo "2349"]
[PlyCount "130"]
[EventDate "2018.07.14"]
[EventType "swiss"]
[EventRounds "9"]
[EventCountry "SVK"]
[SourceTitle "EXT 2019"]
[Source "ChessBase"]
[SourceDate "2018.10.10"]
[SourceVersion "1"]
[SourceVersionDate "2018.10.10"]
[SourceQuality "1"]

1. d4 Nf6 2. Nf3 e6 3. e3 b6 4. Bd3 Bb7 5. Nbd2 d6 6. e4 Nbd7 7. 0-0 Qe7 8. Re1 e5 9. c3 g6 10. Nf1 Bg7 11. Ng3 h5 12. Bg5 Bh6 13. h4 Bxg5 14. Nxg5 Nh7 15. Nf3 Ndf6 16. Qa4+ Kf8 17. Ba6 Bxa6 18. Qxa6 Ng4 19. dxe5 Nxe5 20. Nd4 c5 21. Nb5 Kg7 22. Rad1 Rhd8 23. a4 Nc6 24. Na3 Qxh4 25. Nc4 Qe7 26. Ne3 Kf8 27. Nd5 Qd7 28. Nf1 Re8 29. Nfe3 Rad8 30. f3 Ne5 31. Qb5 Qc8 32. a5 bxa5 33. Qxa5 Qb7 34. Ra1 Rd7 35. Qa6 Qb8 36. b4 cxb4 37. cxb4 Rc8 38. Rec1 Rxc1+ 39. Rxc1 Kg7 40. Rc8 Qb7 41. Qxb7 Rxb7 42. Rd8 Nc6 43. Rxd6 Nxb4 44. Nxb4 Rxb4 45. Ra6 Rb7 46. Nc2 Ng5 47. Nd4 Rb4 48. Nc2 Rb1+ 49. Kh2 Rb2 50. Nd4 Rd2 51. Ra4 Kh6 52. f4 Nxe4 53. Nf3 Nc5 54. Rxa7 Rd7 55. Ra5 Ne4 56. Re5 Nf6 57. Re2 Ra7 58. g3 Ng4+ 59. Kg2 Ra3 60. Rd2 Ne3+ 61. Kf2 Nf5 62. Rb2 f6 63. Rd2 Rc3 64. Ra2 Rb3 65. Rd2 Ne3 1/2-1/2

[Event "Portoroz op 12th"]
[Site "Portoroz"]
[Date "2018.07.14"]
[Round "1"]
[White "Bodiroga, Predrag"]
[Black "Skrbec, Leon"]
[Result "1-0"]
[WhiteElo "2349"]
[BlackElo "1772"]
[PlyCount "87"]
[EventDate "2018.07.14"]
[EventType "swiss"]
[EventRounds "9"]
[EventCountry "SVK"]
[SourceTitle "EXT 2019"]
[Source "ChessBase"]
[SourceDate "2018.10.10"]
[SourceVersion "1"]
[SourceVersionDate "2018.10.10"]
[SourceQuality "1"]

1. c4 c5 2. Nf3 Nc6 3. e3 Nf6 4. Nc3 e6 5. d4 cxd4 6. exd4 d5 7. c5 Be7 8. Bb5 0-0 9. Bxc6 bxc6 10. 0-0 Qc7 11. Re1 a5 12. Bg5 h6 13. Bh4 Ba6 14. Qd2 Rfe8 15. Ne5 Nd7 16. Bxe7 Rxe7 17. Nxd7 Rxd7 18. Na4 Bb5 19. Nb6 Rdd8 20. Nxa8 Rxa8 21. a4 Bc4 22. b4 Qd8 23. Reb1 axb4 24. Rxb4 Qa5 25. Rb8+ Kh7 26. Qc2+ g6 27. Rxa8 Qxa8 28. a5 Qa6 29. Qb2 Bb5 30. h4 Kg7 31. h5 g5 32. Qc3 Bd3 33. Qb3 Bb5 34. Qg3 Be2 35. f4 g4 36. f5 Qc4 37. Qe5+ f6 38. Qc7+ Kf8 39. Qd6+ Kg7 40. Qe7+ Kg8 41. Qxe6+ Kg7 42. Qe3 Qa6 43. Re1 Qxa5 44. Rxe2 1-0

[Event "CRO Cup"]
[Site "Mali Losinj"]
[Date "2018.05.18"]
[Round "4.51"]
[White "Bodiroga, Predrag"]
[Black "Martic, Zlatko"]
[Result "1-0"]
[WhiteElo "2332"]
[BlackElo "2261"]
[PlyCount "78"]
[EventDate "2018.05.16"]
[EventType "team-swiss"]
[EventRounds "6"]
[EventCountry "CRO"]
[SourceTitle "CBM 184 Extra"]
[Source "ChessBase"]
[SourceDate "2018.06.28"]
[SourceVersion "1"]
[SourceVersionDate "2018.06.28"]
[SourceQuality "1"]
[WhiteTeam "Sv Ivan Zabno"]
[BlackTeam "Slavonski Brod"]
[WhiteTeamCountry "CRO"]
[BlackTeamCountry "CRO"]

1. d4 Nf6 2. Nf3 g6 3. c4 c5 4. d5 b5 5. cxb5 a6 6. bxa6 Bg7 7. Nc3 Bxa6 8. e4 Bxf1 9. Kxf1 d6 10. h3 0-0 11. Kg1 Nbd7 12. Kh2 Qa5 13. Re1 Rfb8 14. Re2 Ne8 15. Qc2 Nc7 16. Bd2 Qa6 17. Be1 Rb7 18. Kg1 Rab8 19. b3 Rxb3 20. axb3 Qxa1 21. Kh2 Qa3 22. Nd2 Nb5 23. Nxb5 Rxb5 24. f4 Qb2 25. Qd3 Rb6 26. Qf3 Qa1 27. Nc4 Ra6 28. Bh4 Kf8 29. e5 dxe5 30. d6 exd6 31. Qb7 Bf6 32. Qxd7 Bxh4 33. Nxd6 Ra7 34. Qc8+ Kg7 35. Ne8+ Kh6 36. Qg4 Be7 37. Rxe5 f5 38. Qg3 Bd8 39. Rd5 Be7 1-0

[Event "CRO Cup"]
[Site "Mali Losinj"]
[Date "2018.05.16"]
[Round "1.41"]
[White "Saric, Ibro"]
[Black "Bodiroga, Predrag"]
[Result "0-1"]
[WhiteElo "2554"]
[BlackElo "2332"]
[PlyCount "92"]
[EventDate "2018.05.16"]
[EventType "team-swiss"]
[EventRounds "6"]
[EventCountry "CRO"]
[SourceTitle "CBM 184 Extra"]
[Source "ChessBase"]
[SourceDate "2018.06.28"]
[SourceVersion "1"]
[SourceVersionDate "2018.06.28"]
[SourceQuality "1"]
[WhiteTeam "Split Mornar"]
[BlackTeam "Sv Ivan Zabno"]
[WhiteTeamCountry "CRO"]
[BlackTeamCountry "CRO"]

1. d4 Nf6 2. c4 e6 3. Nc3 d5 4. Bg5 Be7 5. e3 h6 6. Bxf6 Bxf6 7. Nf3 0-0 8. Qb3 c6 9. Rd1 Nd7 10. Bd3 Qe7 11. 0-0 a5 12. cxd5 exd5 13. e4 dxe4 14. Bxe4 a4 15. Qc2 a3 16. Rfe1 Qb4 17. Rb1 Bxd4 18. Bh7+ Kh8 19. Re4 c5 20. Nd5 Qa5 21. b4 Qd8 22. Nxd4 cxd4 23. Rxd4 Nf6 24. Qc5 Nxd5 25. Rxd5 Qe8 26. Re5 Qd8 27. Be4 Be6 28. Bxb7 Bxa2 29. Ra1 Rb8 30. Bf3 Qf6 31. Bc6 Rfd8 32. Ree1 Qb2 33. b5 Rd2 34. h3 Rbd8 35. Qe7 Qd4 36. Qxa3 Qxf2+ 37. Kh1 Bd5 38. Bxd5 R8xd5 39. Rg1 R5d3 40. Qa8+ Kh7 41. Qe4+ f5 42. Qxd3 Rxd3 43. Rgf1 Qd4 44. Rab1 Qd5 45. Kh2 Rd2 46. Rg1 Rb2 0-1